Statistics for Bayern Munich Squad 2016-2017

Click here to take the quiz!

General Stats

  • This quiz has been taken 1,552 times
    (1,337 since last reset)
  • The average score is 18 of 24

Answer Stats

NbrPostNationalityPlayer% Correct
1GKGermanyManuel Neuer
100%
9FWPolandRobert Lewandowski
97%
10MFNetherlandsArjen Robben
95%
7MFFranceFranck Ribéry
94%
27DFAustriaDavid Alaba
93%
23MFChileArturo Vidal
92%
17DFGermanyJérôme Boateng
91%
5DFGermanyMats Hummels
90%
6MFSpainThiago
90%
25FWGermanyThomas Müller
89%
8MFSpainJavi Martinez
86%
29FWFranceKingsley Coman
86%
21DFGermanyPhillip Lahm
84%
-CoachItalyCarlo Ancelotti
76%
11MFBrazilDouglas Costa
76%
32MFGermanyJoshua Kimmich
75%
13DFBrazilRafinha
73%
26GKGermanySven Ulreich
73%
14MFSpainXabi Alonso
73%
35MFPortugalRenato Sanches
71%
18DFSpainJuan Bernat
59%
22GKGermanyTom Starke
49%
40MFGermanyFabian Benko
13%
30MFGermanyNiklas Dorsch
13%

Score Distribution

Percentile by Number Answered

Percent of People with Each Score

Your Score History

You have not taken this quiz since the last reset